| 000 | 00498nam a2200157 a 4500 | ||
|---|---|---|---|
| 008 | 120416s1969 ||||||||||||||||| || u | ||
| 020 | _a0491013426 | ||
| 050 | _aHF 5635 Gra | ||
| 100 | _aGrant, Arthur J. C | ||
| 245 | 1 | 0 | _aAccounting |
| 246 | _amade simple | ||
| 260 |
_aLondon _bW. H. Allen _c1969 |
||
| 300 | _ax, 275p. : ill | ||
| 350 | _a0.00 | ||
| 995 |
_D0.00 _FCBU-MAIN LIBRARY (Kitwe) _H1 _I12.00 _UDAMAGED _ZMain Library Open Access Collection |
||
| 999 |
_c33288 _d33288 |
||